Harry Potter Trivia Quiz Stats

 Plays Quiz not verified by Sporcle

Also try: Mega Book Titles!
Challenge
Share
Tweet
Embed
Score 0/15 Timer 10:00
0 Plays Today
% Correct
Severus Snape
60%
Ginny
60%
Orange
20%
Albus Percival Wulfric Brian Dumbledore
0%
swallows it
0%
9 and 3
0%
boat
0%
Durmstrang, Hogwarts, Beauxbatons
0%
% Correct
Stag
0%
Otter
0%
Soul
0%
Thestral
0%
Hungarian Horntail
0%
Prefects
0%
Yes
0%

You're not logged in!

Compare scores with friends on all Sporcle quizzes.
Join for Free
OR
Log In

You Might Also Like...

Show Comments

Extras

Created Nov 10, 2011ReportNominate
Tags:Harry Potter Quiz

Top Quizzes Today


Score Distribution

Your Account Isn't Verified!

In order to create a playlist on Sporcle, you need to verify the email address you used during registration. Go to your Sporcle Settings to finish the process.

Report this User

Report this user for behavior that violates our Community Guidelines.

Details: